banner-ar

25 siècles de bain collectif en Orient : (Record no. 63043)

MARC details
000 -الفاتح
حقل البيانات ثابتة الطول 02188cam a2200481Mi 4500
005 - وقت وتاريخ اخر تعامل مع التسجيلة
رقم الضبط 20240530110620.0
008 - عناصر البيانات ثابتة الطول - معلومات عامة
حقل البيانات ثابتة الطول 141224s2014 ua abe b 100 0 fre d
020 ## - الرقم الدولى المعيارى للكتب
الرقم الدولى المعيارى للكتاب 9782724706420
020 ## - الرقم الدولى المعيارى للكتب
الرقم الدولى المعيارى للكتاب 235159701X
035 ## - رقم ضبط النظام
رقم ضبط النظام (NNC)11135198
040 ## - مصدر الفهرسة
وكالة النسخ EG-CAGPL
082 04 - رقم تصنيف ديوى العشرى
رقم الطبعة 21
رقم التصنيف 725.73\
رقم المادة B S
111 2# - المدخل الرئيسى - اسم مؤتمر
اسم المؤتمر أو اسم السلطة كمدخل Colloque international Balnéorient
رقم جزء/قسم/الاجتماع (3rd :
تاريخ الاجتماع 2009 :
موقع المؤتمر Damascus, Syria)
245 10 - بيان العنوان
العنوان 25 siècles de bain collectif en Orient :
بقية العنوان Proche-Orient, Égypte et péninsule Arabique : balaneia = thermae = hammāmāt : actes du 3e colloque international Balnéorient /
بيان المسئوليه,etc édité par Marie-Françoise Boussac, Sylvie Denoix, Thibaud Fournet et Bérangère Redon ; organisé par l'Institut français du Proche-Orient et la Direction Générale des Antiquités et des Musées de Syrie (Damas-Syrie/2-6 nov. 2009).
246 20 - العنوان الموازى
عنوان صحيح/عنوان مختصر Balaneia, thermae, hammāmāt
300 ## - الوصف المادى
التعداد 4 volumes (1245 pages) :
تفاصيل ماديه اخرى للوعاء illustrations (some color), maps, plans ;
أبعاد الوعاء 33 cm.
490 1# - بيان السلسلة
عنوان السلسلة PIFD ;
رقم المجلد/ التعيين التسلسلي no 282
490 1# - بيان السلسلة
عنوان السلسلة Études urbaines,
الرقم الدولى المعيارى للدوريات 1110-2497 ;
رقم المجلد/ التعيين التسلسلي no 9
504 ## - تبصرة ببليوجرافية
تبصرة ببليوجرافية,الخ Includes bibliographical references (v. 4, p. [1171]-1245).
650 #0 - المدخل الاضافى بالموضوع-مصطلح موضوعى
مصطلح موضوعي Public baths
التقسيم الفرعي الجغرافي Egypt
التقسيم الفرعي الشكلي Congresses.
650 #0 - المدخل الاضافى بالموضوع-مصطلح موضوعى
مصطلح موضوعي Public baths
التقسيم الفرعي الجغرافي Arabian Peninsula
التقسيم الفرعي الشكلي Congresses.
650 #0 - المدخل الاضافى بالموضوع-مصطلح موضوعى
مصطلح موضوعي Public baths
التقسيم الفرعي الجغرافي Middle East
التقسيم الفرعي الشكلي Congresses.
651 #0 - المدخل الاضافى بالموضوع - اسم جغرافى
الاسم الجغرافي Arabian Peninsula
التقسيم الفرعي العام Antiquities
التقسيم الفرعي الشكلي Congresses.
651 #0 - المدخل الاضافى بالموضوع - اسم جغرافى
الاسم الجغرافي Middle East
التقسيم الفرعي العام Antiquities
التقسيم الفرعي الشكلي Congresses.
651 #0 - المدخل الاضافى بالموضوع - اسم جغرافى
الاسم الجغرافي Egypt
التقسيم الفرعي العام Antiquities
التقسيم الفرعي الشكلي Congresses.
700 1# - المدخل الاضافى - اسم شخصى
الإسم الشخصى Boussac, Marie-Françoise,
الدور editor.
700 1# - المدخل الاضافى - اسم شخصى
الإسم الشخصى Denoix, Sylvie,
الدور editor.
700 1# - المدخل الاضافى - اسم شخصى
الإسم الشخصى Fournet, Thibaud,
الدور editor.
700 1# - المدخل الاضافى - اسم شخصى
الإسم الشخصى Redon, Bérangère,
الدور editor.
710 2# - المدخل الاضافى - اسم هيئه
اسم الهيئة أو اسم السلطة كمدخل Institut français d'archéologie orientale du Caire,
الدور issuing body.
710 2# - المدخل الاضافى - اسم هيئه
اسم الهيئة أو اسم السلطة كمدخل Institut français du Proche-Orient,
الدور issuing body.
942 ## - عناصر المدخل الإضافي( كوها)
مصدر التصنيف او مخطط الترفيف Dewey Decimal Classification
Koha [default] item type كتاب
264 #1 -
-- Le Caire :
-- Institut français d'archéologie orientale,
-- 2014.
264 #4 -
-- © 2014
336 ## -
-- text
-- txt
-- rdacontent
337 ## -
-- unmediated
-- n
-- rdamedia
338 ## -
-- volume
-- nc
-- rdacarrier
546 ## - تبصرة اللغة
تبصرة اللغة French or English.
830 #0 - المدخل الاضافى بالسلسلة -عنوان موحد
عنوان موحد Publications de l'I.F.E.A.D. ;
رقم المجلد/ التعيين التسلسلي no 282.
830 #0 - المدخل الاضافى بالسلسلة -عنوان موحد
عنوان موحد Etudes urbaines (Cairo, Egypt) ;
رقم المجلد/ التعيين التسلسلي t. 9.
Holdings
حالة التراجع حالة الفقد مصدر التصنيف او خطة الترفيف حالة تلف ليس للاعارة المكان المؤقت الموقع الحالى موقع الترفيف تاريخ الاكتساب اجمالي اﻻعارات رقم الطلب الباركود تاريخ اخر مشاهدة تاريخ تفعيل السعر نوع وعاء كوها
    ddc     مكتبة القاهرة الكبرى مكتبة القاهرة الكبرى   12/19/2016   725.73\ B S 162991 12/19/2016 12/19/2016 كتاب

Powered By

EGPV